Online Catalogue and eLibrary

Social and economic history ofancient India (Record no. 3505)

MARC details
000 -LEADER
fixed length control field 00471nam a2200157Ia 4500
005 - DATE AND TIME OF LATEST TRANSACTION
control field 20250129003819.0
008 - FIXED-LENGTH DATA ELEMENTS--GENERAL INFORMATION
fixed length control field 240331s9999 xx 000 0 und d
020 ## - INTERNATIONAL STANDARD BOOK NUMBER
ISBN 8185396035
082 ## - DDC Classification
Item Number - Author Mark DHA
Class No. 954
100 ## - MAIN ENTRY--PERSONAL NAME
Personal name Mehta, M.K
245 #0 - TITLE STATEMENT
Title Social and economic history ofancient India
260 ## - PUBLICATION, DISTRIBUTION, ETC.
Place of publication, distribution, etc. New Delhi
Name of publisher, distributor, etc. S. S. Publishers
Date of publication, distribution, etc. 1991
300 ## - PHYSICAL DESCRIPTION
Extent (e.g. Volumes, Pages etc.) v, 279 p .,
500 ## - GENERAL NOTE
General note The book attempts, in details, the study of Social & Economic life in Ancient India.
942 ## - Koha item type (Biblio)
Koha item type Books in Stacks (Lending)
Holdings
Lost status Damaged status Collection code Home library Current library Shelving location Date acquired Full call number Accession Number Item type
    Lending WERC Library WERC Library Social Science Cupboard 03/31/2024 954 DHA 993 Books in Stacks (Lending)

© WERC Library